Normal service wiil be resumed (Record no. 71768)

MARC details
000 -LEADER
fixed length control field 00934cam a2200205 4500
001 - CONTROL NUMBER
control field ABS66191
008 - FIXED-LENGTH DATA ELEMENTS--GENERAL INFORMATION
fixed length control field 021216n2002 000 0 eng u
035 ## - SYSTEM CONTROL NUMBER
System control number (Sirsi) u120779
100 ## - MAIN ENTRY--PERSONAL NAME
Personal name Smye, Q
245 ## - TITLE STATEMENT
Title Normal service wiil be resumed
260 ## - PUBLICATION, DISTRIBUTION, ETC.
Date of publication, distribution, etc. 2002
490 ## - SERIES STATEMENT
Series statement Estates Gazette
Volume/sequential designation (0246) 16 November 2002, 192-193(2)
520 ## - SUMMARY, ETC.
Summary, etc. Offers advice to landowners who have land affected by service easements. Recommends landowners qualify easements to maximise their potential for future development. Suggests it may be possible to work around existing rights, or vary or substitute new services for existing rights. Failing these suggestions, insurance could be a possibility. Uses case study as illustration.
590 ## - LOCAL NOTE (RLIN)
Local note ABS
650 ## - SUBJECT ADDED ENTRY--TOPICAL TERM
Topical term or geographic name entry element GREENWICH HEALTHCARE NHS TRUST V LONDON AND QUADRANT HOUSING TRUST
650 ## - SUBJECT ADDED ENTRY--TOPICAL TERM
Topical term or geographic name entry element HUTTON V HAMBORO
690 ## - LOCAL SUBJECT ADDED ENTRY--TOPICAL TERM (OCLC, RLIN)
Topical term or geographic name as entry element Boundary disputes
9 (RLIN) 6221
700 ## - ADDED ENTRY--PERSONAL NAME
Personal name Symonds, S
942 ## - ADDED ENTRY ELEMENTS (KOHA)
Suppress in OPAC 0
Holdings
Withdrawn status Lost status Source of classification or shelving scheme Damaged status Not for loan Home library Current library Shelving location Date acquired Total Checkouts Full call number Barcode Date last seen Copy number Price effective from Koha item type
    Dewey Decimal Classification     London London Journal article 16/12/2002   ABS66191 120779-1001 06/08/2019 1 06/08/2019 Journal article